| 000 | 00701nam a2200229Ia 4500 | ||
|---|---|---|---|
| 003 | OSt | ||
| 005 | 20221006164805.0 | ||
| 006 | a|||||r|||| 00| 0 | ||
| 007 | ta | ||
| 008 | 221006b |||||||| |||| 00| 0 hin d | ||
| 024 | _a4,056 | ||
| 037 | _cTextual | ||
| 040 |
_aFML _cFML _bhin |
||
| 041 |
_2hin _ahin |
||
| 082 | _aNS44x1 , 1 : g, 152N6 - ; 1 | ||
| 100 |
_aGarg Lakshmi Narayan Tr. _9678354 |
||
| 245 | 0 |
_aAbhinaya Darpan Aur Geet Govind _b Nandikeshwar Aur jaidev |
|
| 260 |
_aHathras _bSangeet Karyalaya India _c1996 |
||
| 300 |
_a298 _ccm. |
||
| 942 |
_hNS44x1 , 1 : g, 152N6 - ; 1 _cTEXL _2CC |
||
| 999 |
_c1118488 _d1118488 |
||